| 000 | 03346cas a2200481 i 4500 | ||
|---|---|---|---|
| 001 | 11255603 | ||
| 005 | 20250915100506.0 | ||
| 008 | 750824c19579999ncubx p go 0 a0eng c | ||
| 010 |
_asf 82007022 _zsn 78000336 |
||
| 016 | 7 |
_a1481417-1 _2DE-600 |
|
| 016 | 7 |
_a9877769 _2DNLM |
|
| 016 | 7 |
_aD21800000 _2DNLM |
|
| 016 | 7 |
_a007843242 _2Uk |
|
| 022 |
_a0012-7086 _l0012-7086 _21 |
||
| 032 |
_a884880 _bUSPS |
||
| 035 | _a11255603 | ||
| 035 | _a(OCoLC)1567016 | ||
| 037 | _bDuke Law Journal, 210 Science Drive, Box 90371, Durham, North Carolina 27708-0371 | ||
| 040 |
_aMUL _beng _erda _cMUL _dFUL _dSUL _dNSD _dUCU _dNSD _dOCL _dDLC _dRCS _dNST _dAIP _dNSD _dDLC _dAIP _dNSD _dNST _dNYG _dNLM _dOCL _dSYS _dOCLCQ _dDLC _dORU _dDLC _dZCU _dCUS _dNSD _dEYM _dCUS _dNLGGC _dCUS _dNSD _dOCLCQ _dUKMGB _dOCLCF _dYLS _dDEBBG _dOCLCA _dCLU _dOCL _dLRP _dAU@ _dFJM _dOCLCQ _dZAS _dOCLCO _dOCLCA _dOCLCQ _dHUELT _dOCLCQ _dNDD _dNLVRD _dIL4J6 _dOCLCL |
||
| 042 |
_ansdp _apcc |
||
| 043 | _an-us-nc | ||
| 050 | 0 | 0 |
_aK4 _b.U63 |
| 210 | 0 | _aDuke law j. | |
| 222 | 0 | _aDuke law journal | |
| 245 | 0 | 0 | _aDuke law journal. |
| 264 | 1 |
_aDurham, N.C. : _bDuke University School of Law, _c1957- |
|
| 300 |
_avolumes _c25 cm |
||
| 310 |
_aEight times per year, _b<2014-> |
||
| 321 |
_aSix no. a year, _b1967- |
||
| 321 |
_aFour no. a year, _b1959-66 |
||
| 321 |
_aTwice yearly, _b1957-58 |
||
| 336 |
_atext _btxt _2rdacontent |
||
| 362 | 1 | _aBegan with: Vol. 7, no. 1 (1957). | |
| 520 | _aDuke Law Journal is a leading legal periodical published continuously since 1957 by the Duke University School of Law in Durham, North Carolina. It carries the ISSN 0012-7086 and is classified under K4 .U63 in the Library of Congress system. The journal traces its origins back to 1951, when it first appeared as the Duke Bar Journal. Initially made up entirely of student-written and student-edited contributions, it began publishing faculty scholarship in 1953. To reflect this broader scope, the title was changed to Duke Law Journal in 1957. Since 1969 it has also featured an annual Administrative Law Symposium, which continues to this day. Over the decades, the journal has grown steadily in size and influence. From two issues and 259 pages in its earliest incarnation, it now publishes eight issues per year and is recognised as one of the top law reviews in the United States. The Duke Law Journal provides a platform for a wide range of legal writing, from established scholars and emerging voices to its own student editors. It is regarded as an important forum for the discussion of corporate law, administrative law, and broader legal scholarship. As an academic resource, it serves both as a training ground for law students — who develop essential editorial, analytical and writing skills — and as a venue for high-quality legal research that contributes significantly to contemporary legal debates. The online edition is available to institutions and individual subscribers. | ||
| 650 | 0 |
_aLaw reviews _zNorth Carolina. |
|
| 650 | 0 |
_aCorporation law _zUnited States _vPeriodicals. |
|
| 653 | 0 | _aLaw. | |
| 655 | 7 |
_aLaw reviews. _2fast _0(OCoLC)fst01774277 |
|
| 655 | 7 |
_aLaw reviews. _2lcgft |
|
| 710 |
_aDuke University. _bSchool of Law, _eissuing body, _epublisher. |
||
| 856 | _uhttps://bibliotheque.tbs-education.fr/Default/doc/PUBFINDER/edp24416/duke-law-journal | ||
| 942 | _2lcc | ||
| 999 |
_c4937 _d4937 |
||